000 00540nam a22001577a 4500
999 _c18543
_d18543
008 231130b ||||| |||| 00| 0 eng d
020 _a9781912859269
082 _22023
_aDC 796.01
_bP931
100 _aPrice, Choloe.
_950278
245 _aEducational and sports psychology /
_cCholoe Price.
260 _aLondon :
_bVintage Press Ltd.,
_c©2023.
300 _axi, 268 pages :
_billustrations ;
_c24 cm.
500 _aIncludes references and bibliography and index.
650 _aSports
_xPsychological aspects.
_950279
942 _2ddc
_cDC